| 000 | 00635nam a22002057a 4500 | ||
|---|---|---|---|
| 008 | 150603b xxu||||| |||| 00| 0 eng d | ||
| 020 | _a9781604190175 | ||
| 041 | 0 | _aeng | |
| 080 | _a330 | ||
| 100 | _aLewis, Hunter. | ||
| 245 | 1 | 0 |
_aWhere Keynes went wrong : _cHunter Lewis. |
| 260 |
_aMount Jackson, VA : _bAxios Press, _cc2009. |
||
| 300 |
_a384 f _c24 cm. |
||
| 600 |
_aKeynes, John Maynard, _d1883-1946. |
||
| 650 | 0 | _aKeynesian economics. | |
| 650 | 0 | _aEconomic policy. | |
| 650 | 0 | _aFinancial crises. | |
| 650 | 0 | _aMonetary policy. | |
| 942 |
_2udc _cBK |
||
| 999 |
_c979 _d979 |
||